Вып. 15; Проблемы космической физики

書誌詳細
Parent link:Проблемы космической физики: республиканский междуведомственный научный сборник/ Киевский государственный университет им. Т. Г. Шевченко. Вып. 15.— , 1966-1985
その他の著者: Всехсвятский С. К. (редактор)
言語:ロシア語
出版事項: 1980
主題:
フォーマット: 図書
KOHA link:https://koha.lib.tpu.ru/cgi-bin/koha/opac-detail.pl?biblionumber=336835

MARC

LEADER 00000nam2a2200000 4500
001 336835
005 20231102004907.0
020 |a RU 
035 |a (RuTPU)RU\TPU\book\363296 
035 |a RU\TPU\book\363294 
090 |a 336835 
100 |a 20171025d1980 k y0rusy5003 ca 
101 0 |a rus 
102 |a UA 
105 |a a z 001zy 
200 0 |a Вып. 15  |f отв. ред. С. К. Всехсвятский 
210 |d 1980 
215 |a 154 с.  |c ил. 
320 |a Библиография в конце статей 
461 1 |0 (RuTPU)RU\TPU\book\308160  |t Проблемы космической физики  |o республиканский междуведомственный научный сборник  |f Киевский государственный университет им. Т. Г. Шевченко  |v Вып. 15  |d 1966-1985 
606 1 |a Космическая физика  |2 stltpush  |3 (RuTPU)RU\TPU\subj\66357  |9 82531 
610 1 |a астрофизика 
610 1 |a геофизика 
610 1 |a астрономия 
610 1 |a солнечная корона 
610 1 |a атмосфера 
610 1 |a звезды 
610 1 |a орбиты 
610 1 |a полярное сияние 
610 1 |a кометы 
610 1 |a солнечная активность 
610 1 |a межпланетное пространство 
610 1 |a кометы 
610 1 |a метеоры 
610 1 |a Сатурн 
610 1 |a Уран 
610 1 |a Нептун 
675 |a 52:53  |z rus  |v 4 
702 1 |a Всехсвятский  |b С. К.  |4 340 
801 0 |a RU  |b 63413507  |c 19950704  |g psbo 
801 1 |a RU  |b 63413507  |c 20151020 
801 2 |a RU  |b 63413507  |c 20171026  |g RCR 
942 |c BK